|
|
|
|
| LEADER |
00000nas a2200000 a 4500 |
| 001 |
ssj0037988 |
| 003 |
WaSeSS |
| 005 |
20200512172242.0 |
| 006 |
m d |
| 007 |
cr n |
| 008 |
050614c20059999nz x pss 0 0eng c |
| 010 |
|
|
|a 2011250811
|
| 022 |
|
|
|a 1178-2021
|l 1176-6328
|y 1176-6328
|
| 035 |
|
|
|a (WaSeSS)ssj0037988
|
| 040 |
|
|
|a OCLCS
|b eng
|c OCLCS
|d CUD
|d TOH
|d VRC
|d OCLCQ
|d Z5A
|d BUF
|d OCLCQ
|d OCLCO
|d OCLCQ
|d OCLCO
|d OCLCQ
|d OCLCF
|d OCLCA
|d MOW
|d AU@
|d OCLCO
|d WYU
|d AUD
|d VT2
|d WaSeSS
|
| 042 |
|
|
|a pcc
|
| 050 |
|
4 |
|a RC321
|b .N44
|
| 060 |
0 |
0 |
|a W1
|b NE339J
|
| 082 |
0 |
4 |
|a 616.8918
|2 22
|
| 130 |
0 |
|
|a Neuropsychiatric disease and treatment (Online)
|
| 245 |
1 |
0 |
|a Neuropsychiatric disease and treatment
|h [electronic resource].
|
| 260 |
|
|
|a Albany, Auckland, N.Z. :
|b Dove Medical Press
|
| 310 |
|
|
|a Annual,
|b 2009-
|
| 321 |
|
|
|a Four no. a year,
|b 2005-2006
|
| 321 |
|
|
|a Six no. a year,
|b 2007-2008
|
| 362 |
1 |
|
|a Print began with v. 1, no. 1 (2005).
|
| 506 |
|
|
|a License restrictions may limit access.
|
| 515 |
|
|
|a With 2009, one issue per volume with articles added throughout the year.
|
| 538 |
|
|
|a Mode of access: World Wide Web.
|
| 550 |
|
|
|a Official journal of International Neuropsychiatric Association.
|
| 588 |
|
|
|a Description based on: Vol. 1, no. 1 (2005); title from journal homepage (publisher's Web site, viewed June 20, 2011).
|
| 588 |
|
|
|a Latest issue consulted: Vol. 7, issue 1 (2011) (viewed June 20, 2011).
|
| 650 |
|
0 |
|a Neuropsychiatry
|v Periodicals.
|
| 650 |
|
0 |
|a Neurobehavioral disorders
|x Treatment
|v Periodicals.
|
| 650 |
|
0 |
|a Nervous system
|x Diseases
|v Periodicals.
|
| 650 |
|
7 |
|a Nervous system
|x Diseases.
|2 fast
|0 (OCoLC)fst01036098
|
| 650 |
|
7 |
|a Neuropsychiatry.
|2 fast
|0 (OCoLC)fst01036481
|
| 650 |
1 |
2 |
|a Mental Disorders
|v Periodicals.
|
| 650 |
2 |
2 |
|a Nervous System Diseases
|v Periodicals.
|
| 655 |
|
0 |
|a Electronic journals.
|
| 710 |
2 |
|
|a International Neuropsychiatric Assoc.
|
| 776 |
0 |
8 |
|i Print version:
|t Neuropsychiatric disease and treatment
|x 1176-6328
|w (DLC) 2005243448
|w (OCoLC)59820800
|
| 856 |
4 |
0 |
|z Full text available from Research Library: 01/01/2005 to present
|u https://search.proquest.com/publication/3933344
|